Dictionary of microbiology (Record no. 31403)

MARC details
000 -LEADER
fixed length control field 00311nam a2200121Ia 4500
082 ## - DEWEY DECIMAL CLASSIFICATION NUMBER
Classification number 579(038)
Item number SIN
100 ## - MAIN ENTRY--AUTHOR NAME
Personal name Sainsbury, Diana
245 #0 - TITLE STATEMENT
Title Dictionary of microbiology
260 ## - PUBLICATION, DISTRIBUTION, ETC. (IMPRINT)
Place of publication Chichester
Name of publisher John Wiley
Year of publication 1978
700 ## - ADDED ENTRY--PERSONAL NAME
Personal name Singleton, Paul
942 ## - ADDED ENTRY ELEMENTS (KOHA)
Koha item type Books
Holdings
Withdrawn status Lost status Damaged status Not for loan Home library Current library Date acquired Cost, normal purchase price Full call number Accession Number Koha item type
        RRII Library RRII Library 16/12/2021 45.00 579(038) SIN 11948 Books